000 00659nam a22002172 4500
001 0000024389
005 20151217152301.0
008 130910s xx 000 0 eng d
020 _a1444335583 :
040 _aKABU
_cKABU
100 1 _aJames, Bruce.
_@0000184443
245 1 0 _aOphthalmology :
_blecture notes /
_cBruce James, Anthony Bron.
250 _a11th ed.
260 _aHoboken, NJ. :
_bJ. Wiley,
_c2011.
300 _axi, 332 p.
650 0 _aOphthalmology
_xOutlines, syllabi, etc.
_@0000184444
700 1 _aBron, Anthony.
_@0000184445
852 1 _9p3154 KES
908 _a130910
950 _@1
999 _c10250
_d10250